000 00529nam a22001937a 4500
003 KOHA_MİRAKIL
005 20250417164018.0
008 250417b tu ||||| |||| 00| 0 tur d
020 _a9786055027308
040 _aTR-AnABB
_btur
_cTR-AnABB
041 _atur
082 _a813.42
_bKAY 2017
100 1 _aKayabaşı, Selman,
245 1 0 _aKafkas ruleti 1 /
_cSelman Kayabaşı
260 _aİstanbul :
_bYakın Plan,
_c2017
300 _a296 sayfa ;
_c20 cm
650 0 4 _aTürk edebiyatı, roman
942 _2ddc
_cBK
999 _c8765
_d8765
900 _bGizem YORULMAZ